000
00380nam a22001577a 4500
003
MPLRDC
005
20220104125059.0
008
210129b ||||| |||| 00| 0 eng d
082
_a
857.9 GL-48 v.2
100
_a
古龙
245
_a
一剑镇神州. 二
_c
260
_a
_b
桂冠图书有限公司
_c
300
_b
平
650
_a
武侠小说
942
_c
BK
_o
857.9 GL-48 v.2
999
_c
24503
_d
24493